Strukturnaja optimizacija setej EVM /
Salvato in:
| Autori principali: | , |
|---|---|
| Natura: | Libro |
| Lingua: | russo |
| Pubblicazione: |
Kijev :
Technika,
1986
|
| Tags: |
Nessun Tag, puoi essere il primo ad aggiungerne!!
|
MARC
| LEADER | 00000nam a22000003a 4500 | ||
|---|---|---|---|
| 001 | stu4045 | ||
| 005 | 20150617225810.0 | ||
| 008 | 930610s1986----xxr-----------------rus-d | ||
| 040 | |a STU |b slo | ||
| 041 | 0 | |a rus | |
| 044 | |a xxr | ||
| 080 | |a 681.324.02 | ||
| 080 | |a 517.977 | ||
| 100 | 1 | |a Zajčenko, Ju.P |4 aut | |
| 245 | 1 | |a Strukturnaja optimizacija setej EVM / |c [aut.] Zajčenko,Ju.P.; Gonta,Ju.B | |
| 260 | |a Kijev : |b Technika, |c 1986 | ||
| 300 | |a 167 s | ||
| 700 | 1 | |a Gonta, Ju.B |4 aut | |
| 996 | |c I*3S3622 |l I |s A |a 24 |w stu4045_0001 | ||